<?xml version="1.0" encoding="UTF-8"?>
<collection xmlns="http://www.loc.gov/MARC21/slim">
 <record>
  <leader>04073nam a22005415i 4500</leader>
  <controlfield tag="001">978-1-4020-6084-7</controlfield>
  <controlfield tag="003">DE-He213</controlfield>
  <controlfield tag="005">20210616213714.0</controlfield>
  <controlfield tag="007">cr nn 008mamaa</controlfield>
  <controlfield tag="008">100301s2007    ne |    s    |||| 0|eng d</controlfield>
  <datafield tag="020" ind1=" " ind2=" ">
   <subfield code="a">9781402060847</subfield>
   <subfield code="9">978-1-4020-6084-7</subfield>
  </datafield>
  <datafield tag="024" ind1="7" ind2=" ">
   <subfield code="a">10.1007/978-1-4020-6084-7</subfield>
   <subfield code="2">doi</subfield>
  </datafield>
  <datafield tag="050" ind1=" " ind2="4">
   <subfield code="a">B720-765</subfield>
  </datafield>
  <datafield tag="072" ind1=" " ind2="7">
   <subfield code="a">HPCB</subfield>
   <subfield code="2">bicssc</subfield>
  </datafield>
  <datafield tag="072" ind1=" " ind2="7">
   <subfield code="a">PHI012000</subfield>
   <subfield code="2">bisacsh</subfield>
  </datafield>
  <datafield tag="072" ind1=" " ind2="7">
   <subfield code="a">QDHF</subfield>
   <subfield code="2">thema</subfield>
  </datafield>
  <datafield tag="082" ind1="0" ind2="4">
   <subfield code="a">180</subfield>
   <subfield code="2">23</subfield>
  </datafield>
  <datafield tag="245" ind1="1" ind2="0">
   <subfield code="a">Forming the Mind</subfield>
   <subfield code="h">[electronic resource] :</subfield>
   <subfield code="b">Essays on the Internal Senses and the Mind/Body Problem from Avicenna to the Medical Enlightenment /</subfield>
   <subfield code="c">edited by Henrik Lagerlund.</subfield>
  </datafield>
  <datafield tag="250" ind1=" " ind2=" ">
   <subfield code="a">1st ed. 2007.</subfield>
  </datafield>
  <datafield tag="264" ind1=" " ind2="1">
   <subfield code="a">Dordrecht :</subfield>
   <subfield code="b">Springer Netherlands :</subfield>
   <subfield code="b">Imprint: Springer,</subfield>
   <subfield code="c">2007.</subfield>
  </datafield>
  <datafield tag="300" ind1=" " ind2=" ">
   <subfield code="a">X, 346 p.</subfield>
   <subfield code="b">online resource.</subfield>
  </datafield>
  <datafield tag="336" ind1=" " ind2=" ">
   <subfield code="a">text</subfield>
   <subfield code="b">txt</subfield>
   <subfield code="2">rdacontent</subfield>
  </datafield>
  <datafield tag="337" ind1=" " ind2=" ">
   <subfield code="a">computer</subfield>
   <subfield code="b">c</subfield>
   <subfield code="2">rdamedia</subfield>
  </datafield>
  <datafield tag="338" ind1=" " ind2=" ">
   <subfield code="a">online resource</subfield>
   <subfield code="b">cr</subfield>
   <subfield code="2">rdacarrier</subfield>
  </datafield>
  <datafield tag="347" ind1=" " ind2=" ">
   <subfield code="a">text file</subfield>
   <subfield code="b">PDF</subfield>
   <subfield code="2">rda</subfield>
  </datafield>
  <datafield tag="490" ind1="1" ind2=" ">
   <subfield code="a">Studies in the History of Philosophy of Mind,</subfield>
   <subfield code="x">1573-5834 ;</subfield>
   <subfield code="v">5</subfield>
  </datafield>
  <datafield tag="505" ind1="0" ind2=" ">
   <subfield code="a">Introduction: The Mind/Body Problem and Late Medieval Conceptions of the Soul -- Memory and Recollection in IBN SÎNÂ’S and IBN Rushd’S Philosophical Texts Translated into Latin in the Twelfth and Thirteenth Centuries: A Perspective on the Doctrine of the Internal Senses in Arabic Psychological Science -- Imagination and Experience in the Sensory Soul and Beyond: Richard Rufus, Roger Bacon &amp; Their Contemporaries -- The Soul as an Entity: Dante, Aquinas, and Olivi -- Self-Knowledge and Cognitive Ascent: Thomas Aquinas and Peter Olivi on the KK–THESIS -- The Invention of Singular Thought -- John Buridan on the Immateriality of the Intellect -- How Matter Becomes Mind: Late-Medieval Theories of Emergence -- Passions and Old Men in Renaissance Gerontology -- Why Isn’t the Mind-Body Problem Medieval? -- Matter, Mind, and Hylomorphism in IBN Gabirol and Spinoza -- Cajetan and Suarez on Agent Sense: Metaphysics and Epistemology in Late Aristotelian Thought -- Is Descartes’ Body A Mode of Mind? -- Mind and Extension (Descartes, Hobbes, More) -- Emotional Pathologies and Reason in French Medical Enlightenment.</subfield>
  </datafield>
  <datafield tag="520" ind1=" " ind2=" ">
   <subfield code="a">Forming the Mind deals with the internal senses, the mind/body problem and other problems associated with the concept of mind as it developed from Avicenna to the medical Enlightenment. The book collects essays from some of the foremost scholars in a relatively new and very promising field of research. It stresses how important and fruitful it is to see the time period between 1100 and 1700 as one continuous tradition, and brings together scholars working on the same issues in the Arabic, Jewish and Western philosophical traditions. In this respect, this collection opens up several new and interesting perspectives on the history of the philosophy of mind.</subfield>
  </datafield>
  <datafield tag="650" ind1=" " ind2="0">
   <subfield code="a">Medieval philosophy.</subfield>
  </datafield>
  <datafield tag="650" ind1=" " ind2="0">
   <subfield code="a">Philosophy of mind.</subfield>
  </datafield>
  <datafield tag="650" ind1=" " ind2="0">
   <subfield code="a">Philosophy, Asian.</subfield>
  </datafield>
  <datafield tag="650" ind1=" " ind2="0">
   <subfield code="a">Philosophy.</subfield>
  </datafield>
  <datafield tag="650" ind1="1" ind2="4">
   <subfield code="a">Medieval Philosophy.</subfield>
   <subfield code="0">https://scigraph.springernature.com/ontologies/product-market-codes/E17000</subfield>
  </datafield>
  <datafield tag="650" ind1="2" ind2="4">
   <subfield code="a">Philosophy of Mind.</subfield>
   <subfield code="0">https://scigraph.springernature.com/ontologies/product-market-codes/E31000</subfield>
  </datafield>
  <datafield tag="650" ind1="2" ind2="4">
   <subfield code="a">Non-Western Philosophy.</subfield>
   <subfield code="0">https://scigraph.springernature.com/ontologies/product-market-codes/E44060</subfield>
  </datafield>
  <datafield tag="650" ind1="2" ind2="4">
   <subfield code="a">History of Philosophy.</subfield>
   <subfield code="0">https://scigraph.springernature.com/ontologies/product-market-codes/E15000</subfield>
  </datafield>
  <datafield tag="700" ind1="1" ind2=" ">
   <subfield code="a">Lagerlund, Henrik.</subfield>
   <subfield code="e">editor.</subfield>
   <subfield code="4">edt</subfield>
   <subfield code="4">http://id.loc.gov/vocabulary/relators/edt</subfield>
  </datafield>
  <datafield tag="710" ind1="2" ind2=" ">
   <subfield code="a">SpringerLink (Online service)</subfield>
  </datafield>
  <datafield tag="773" ind1="0" ind2=" ">
   <subfield code="t">Springer Nature eBook</subfield>
  </datafield>
  <datafield tag="776" ind1="0" ind2="8">
   <subfield code="i">Printed edition:</subfield>
   <subfield code="z">9789048113514</subfield>
  </datafield>
  <datafield tag="776" ind1="0" ind2="8">
   <subfield code="i">Printed edition:</subfield>
   <subfield code="z">9789048175307</subfield>
  </datafield>
  <datafield tag="776" ind1="0" ind2="8">
   <subfield code="i">Printed edition:</subfield>
   <subfield code="z">9781402060830</subfield>
  </datafield>
  <datafield tag="830" ind1=" " ind2="0">
   <subfield code="a">Studies in the History of Philosophy of Mind,</subfield>
   <subfield code="x">1573-5834 ;</subfield>
   <subfield code="v">5</subfield>
  </datafield>
  <datafield tag="856" ind1="4" ind2="0">
   <subfield code="u">https://doi.org/10.1007/978-1-4020-6084-7</subfield>
  </datafield>
  <datafield tag="912" ind1=" " ind2=" ">
   <subfield code="a">ZDB-2-SHU</subfield>
  </datafield>
  <datafield tag="912" ind1=" " ind2=" ">
   <subfield code="a">ZDB-2-SXPR</subfield>
  </datafield>
  <datafield tag="950" ind1=" " ind2=" ">
   <subfield code="a">Humanities, Social Sciences and Law (SpringerNature-11648)</subfield>
  </datafield>
  <datafield tag="950" ind1=" " ind2=" ">
   <subfield code="a">Philosophy and Religion (R0) (SpringerNature-43725)</subfield>
  </datafield>
 </record>
</collection>
